Animaux nationaux - Statistiques

Statistiques générales
  • Ce quiz a été pris 82 fois
  • Le résultat moyen est 13 sur 25
Statistiques - réponses
Continent Pays Animaux % Correct
Afrique Égypte Aigle
93%
Amérique Mexique Aigle
93%
Europe Allemagne Aigle
93%
Europe France Coq
89%
Europe Angleterre Lion
87%
Océanie Australie Kangourou
83%
Asie Inde Tigre
72%
Asie Thaïlande Éléphant
68%
Europe Espagne Taureau
63%
Océanie Nouvelle -Zélande Kiwi
59%
Afrique Algérie Fennec
52%
Asie Turquie Loup
52%
Europe Italie Loup
52%
Asie Chine Panda
52%
Afrique Botswana Zèbre
36%
Amérique Canada Castor
33%
Amérique Groenland Ours blanc
28%
Europe Grèce Dauphin
27%
Océanie Vanuatu Dauphin
27%
Afrique Afrique du Sud Springbok
25%
Asie Kazakhstan Léopard
24%
Europe Russie Ours brun
24%
Amérique États-Unis Pygargue à tête blanche
19%
Amérique Guatemala Quetzal
13%
Amérique Colombie Condor des Andes
4%
Aucun quiz correspondant
Distribution des résultats
% des personnes avec chaque résultat
Percentile par nombre de réponses
Votre historique - résultats
Vous n’avez pas pris ce quiz